000 00561nam a2200181 i 4500
001 33484
003 ES-MaACL
005 20230906154751.0
007 t|
008 030202s1965 sp ||||1| spa d
100 1 _aBierman, Harold.
_928822
245 1 3 _aEl presupuesto del capital /
_cHarold Bierman y Seymour Smidt ; [traductor Agustín Gil Lasierra].
260 _aBarcelona :
_bSagitario,
_c[1965]
300 _a253 p. ;
_c22 cm.
700 1 _aGil Lasierra, Agustín.
_956831
700 1 _aSmidt, Seymour.
_9106829
852 _aES-MaACL
_jC-28466
_bR.57763
999 _c33484
_d33484